书目信息 |
| 题名: |
环境人权
|
|
| 作者: | 汉考克 著 ;李隼 译 | |
| 分册: | ||
| 出版信息: | 重庆 重庆出版社 2007.04 |
|
| 页数: | 240页 | |
| 开本: | 23cm | |
| 丛书名: | 走向生态文明丛书 | |
| 单 册: | ||
| 中图分类: | B80-058 | |
| 科图分类: | ||
| 主题词: | 环境--huan jing--关系--人权--研究 | |
| 电子资源: | ||
| ISBN: | 978-7-5366-8510-9 | |
| 000 | 01358nam 2200325 450 | |
| 001 | 012008041533 | |
| 005 | 20080510111945.60 | |
| 010 | @a978-7-5366-8510-9@dCNY34.70 | |
| 100 | @a20080509d2007 em y0chiy0120 ea | |
| 101 | 1 | @achi@ceng |
| 102 | @aCN@b500000 | |
| 105 | @ay a 001yy | |
| 106 | @ar | |
| 200 | 1 | @a环境人权@Ahuan jing ren quan@e权力、伦理与法律@d= Environmental human rights@f(美) 简·汉考克著@F(mei)jian·han kao ke zhu@g李隼译@Gli sun yi@zeng |
| 210 | @a重庆@c重庆出版社@d2007.04 | |
| 215 | @a240页@d23cm | |
| 225 | 2 | @a走向生态文明丛书@Azou xiang sheng tai wen ming cong shu |
| 305 | @a据原书2003年版译出 | |
| 306 | @a本书中文简体字版由原出版社Ashgate Publishing Limited授权重庆出版集团,重庆出版社在中国大陆地区度假出版发行 | |
| 320 | @a有书目 (第184-231页) 和索引 | |
| 330 | @a本书系统阐述了环境与人权之间的政治、伦理与法律关系。地球上人类和非人类物的福利和繁荣根据其自身的价值。这些价值不依赖于为了达到人类自身的目的而地对非人类物的利用。 | |
| 410 | 0 | @12001 @a走向生态文明丛书 |
| 500 | 10 | @aEnvironmental human rights@mChinese |
| 517 | 1 | @a权力、伦理与法律@Aquan li、lun li yu fa lu |
| 606 | 0 | @a环境@Ahuan jing@x关系@x人权@x研究 |
| 690 | @aB80-058@v4 | |
| 701 | 1 | @a汉考克@Ahan kao ke@g(Hancock, Jan)@4著 |
| 702 | 0 | @a李隼@Ali sun@4译 |
| 801 | 0 | @aCN@bQSSK@c20080510 |
| 905 | @b708727-29@dB80-058@eH114@f3 | |
| 环境人权:权力、伦理与法律= Environmental human rights/(美) 简·汉考克著/李隼译.-重庆:重庆出版社,2007.04 |
| 240页;23cm.-(走向生态文明丛书) |
| ISBN 978-7-5366-8510-9:CNY34.70 |
| 本书系统阐述了环境与人权之间的政治、伦理与法律关系。地球上人类和非人类物的福利和繁荣根据其自身的价值。这些价值不依赖于为了达到人类自身的目的而地对非人类物的利用。 |
| ● |
| 相关链接 |
|
|
|
正题名:环境人权
索取号:B80-058/H114
 
预约/预借
| 序号 | 登录号 | 条形码 | 馆藏地/架位号 | 状态 | 备注 |
| 1 | 708727 | 207087276 | 社科库509/509社科库 19排3列2层/ [索取号:B80-058/H114] | 在馆 | |
| 2 | 708728 | 207087285 | 社科库509/509社科库 19排3列2层/ [索取号:B80-058/H114] | 在馆 | |
| 3 | 708729 | 207087294 | 社科库509/509社科库 19排3列2层/ [索取号:B80-058/H114] | 在馆 |